Countries with Embassies and Consulates in Durban - Statistics

General Stats
  • This quiz has been taken 29 times
  • The average score is 4 of 5
Answer Stats
Country Continent % Correct
North America United States of America
100%
Asia China
92%
Asia India
88%
Africa Mozambique
75%
Africa Lesotho
71%
No matching quizzes found
Score Distribution
Percent of People with Each Score
Percentile by Number Answered
Your Score History
You have not taken this quiz